Real estate management law (Record no. 112875)

MARC details
000 -LEADER
fixed length control field 00715cam a22002415a 4500
001 - CONTROL NUMBER
control field L154179
008 - FIXED-LENGTH DATA ELEMENTS--GENERAL INFORMATION
fixed length control field 111024s2011 xxk f 000 0 eng d
020 ## - INTERNATIONAL STANDARD BOOK NUMBER
International Standard Book Number 9780199572045
035 ## - SYSTEM CONTROL NUMBER
System control number (Sirsi) u154179
041 0# - LANGUAGE CODE
Language code of text/sound track or separate title eng
050 04 - LIBRARY OF CONGRESS CALL NUMBER
Classification number 346.41043
100 1# - MAIN ENTRY--PERSONAL NAME
Personal name Card, Richard
245 00 - TITLE STATEMENT
Title Real estate management law
250 ## - EDITION STATEMENT
Edition statement 7th ed.
260 ## - PUBLICATION, DISTRIBUTION, ETC.
Place of publication, distribution, etc. Oxford
Name of publisher, distributor, etc. Oxford University Press
Date of publication, distribution, etc. 2011
520 ## - SUMMARY, ETC.
Summary, etc. An ideal aid for students of Contract, tort, land and landlord and tenant laws. Revised and expanded from the 6th edition.
590 ## - LOCAL NOTE (RLIN)
Local note KA NTK
651 #4 - SUBJECT ADDED ENTRY--GEOGRAPHIC NAME
Geographic name England and Wales
Chronological subdivision 1543-
690 ## - LOCAL SUBJECT ADDED ENTRY--TOPICAL TERM (OCLC, RLIN)
Topical term or geographic name as entry element Block management
9 (RLIN) 6220
700 1# - ADDED ENTRY--PERSONAL NAME
Personal name Murdoch, John
700 1# - ADDED ENTRY--PERSONAL NAME
Personal name Murdoch, Sandi
942 ## - ADDED ENTRY ELEMENTS (KOHA)
Suppress in OPAC 0
Source of classification or shelving scheme Dewey Decimal Classification
Holdings
Withdrawn status Lost status Source of classification or shelving scheme Damaged status Not for loan Home library Current library Shelving location Date acquired Cost, normal purchase price Total Checkouts Full call number Barcode Date last seen Copy number Cost, replacement price Price effective from Koha item type
    Dewey Decimal Classification     London London Books 26/10/2011 31.44   346.41043 CAR 30079544 06/08/2019 1 31.44 06/08/2019 Book